LEADER 00841cam0-2200325---450- 001 990004303030403321 005 20081215130149.0 010 $a88-420-3243-3 035 $a000430303 035 $aFED01000430303 035 $a(Aleph)000430303FED01 035 $a000430303 100 $a19990604d1988----km-y0itay50------ba 101 0 $aita 102 $aIT 105 $ay-------001yy 200 1 $aIntroduzione a Ibsen 210 $aRoma ; Bari$cLaterza$d1988 215 $a198 p.$d18 cm 225 1 $a<>scrittori$v5 610 0 $aIbsen, Henrik 676 $a839.8226 700 1$aPerrelli,$bFranco$0170847 801 0$aIT$bUNINA$gRICA$2UNIMARC 901 $aBK 912 $a990004303030403321 952 $a839.8226 IBSEN/S 1$bBibl. 5584$fFLFBC 959 $aFLFBC 996 $aIntroduzione a Ibsen$9488746 997 $aUNINA